Volkswagen model quiz (Chinese edition) - Statistics

General Stats
  • This quiz has been taken 12 times
  • The average score is 6 of 15
Answer Stats
Picture Answer % Correct
Jetta
91%
Bora
55%
CC
55%
Gran Santana
36%
Lavida
36%
Magotan
36%
Sagitar
36%
Santana 3000
36%
Teramont
36%
Viloran
36%
Bora HS
27%
C-Trek
27%
Passat Lingyu
18%
Talagon
18%
Tharu
18%
No matching quizzes found
Score Distribution
Percent of People with Each Score
Percentile by Number Answered
Your Score History
You have not taken this quiz